[Event "FRA-ch Youth 2017"]
[Site "Belfort"]
[Date "2017.04.22"]
[Round "8"]
[White "Sumarriva Paulin, Laura"]
[Black "Favarel-Lubeigt, Helina"]
[Result "1/2-1/2"]
[WhiteElo "1521"]
[BlackElo "1537"]
[Annotator "NA"]
[PlyCount "72"]
[EventDate "2017.??.??"]
[EventCountry "FRA"]
[SourceTitle "playchess.com"]
[Source "ChessBase"]
[SourceQuality "1"]
[TimeControl "5400+30"]

1. d4 {[%emt 0:00:00]} Nf6 {[%emt 0:00:11]} 2. c4 {[%emt 0:00:00]} g6 {[%emt 0:00:12]} 3. Nc3 {[%emt 0:00:04]} d5 {[%emt 0:00:18]} 4. Bg5 {[%emt 0:02:06]} Bg7 {[%emt 0:02:47]} 5. Bxf6 {[%emt 0:05:04]} Bxf6 {[%emt 0:00:29]} 6. Nxd5 {[%emt 0:02:00]} Bg7 {[%emt 0:00:43]} 7. e3 {[%emt 0:01:25]} c6 {[%emt 0:01:53]} 8. Nc3 {[%emt 0:00:14]} c5 {[%emt 0:01:24]} 9. Nf3 {[%emt 0:05:06]} Nc6 {[%emt 0:02:46]} 10. d5 {[%emt 0:06:42]} Ne5 {[%emt 0:00:52]} 11. Nxe5 {[%emt 0:04:39]} Bxe5 {[%emt 0:00:14]} 12. Qd2 {[%emt 0:02:21]} b6 {[%emt 0:03:27]} 13. Bd3 {[%emt 0:05:33]} Bb7 {[%emt 0:03:21]} 14. Rc1 {[%emt 0:08:41]} O-O {[%emt 0:01:25]} 15. O-O {[%emt 0:01:43]} Qd6 {[%emt 0:02:38]} 16. f4 {[%emt 0:02:38]} Bg7 {[%emt 0:01:22]} 17. a3 {[%emt 0:01:53]} Rad8 {[%emt 0:02:40]} 18. Nb5 {[%emt 0:01:21]} Qd7 {[%emt 0:05:46]} 19. e4 {[%emt 0:10:33]} a6 {[%emt 0:02:09]} 20. Nc3 {[%emt 0:00:25]} Bh6 {[%emt 0:05:56]} 21. Qf2 {[%emt 0:11:36]} e5 {[%emt 0:03:23]} 22. Ne2 {[%emt 0:03:05]} exf4 {[%emt 0:05:09]} 23. Qh4 {[%emt 0:04:48]} Bg7 {[%emt 0:01:27]} 24. Rc2 {[%emt 0:00:50]} Qd6 {[%emt 0:04:44]} 25. Qxf4 {[%emt 0:02:33]} Be5 {[%emt 0:00:54]} 26. Qh6 {[%emt 0:00:37]} Bg7 {[%emt 0:01:04]} 27. Qh3 {[%emt 0:00:31]} Bc8 {[%emt 0:01:07]} 28. Qf3 {[%emt 0:01:15]} Rde8 {[%emt 0:03:25]} 29. Nc3 {[%emt 0:02:39]} Re5 {[%emt 0:03:00]} 30. Nb1 {[%emt 0:01:57]} Rh5 {[%emt 0:03:45]} 31. g3 {[%emt 0:01:05]} Bd4+ {[%emt 0:01:02]} 32. Kh1 {[%emt 0:00:12]} Rh3 {[%emt 0:03:11]} 33. Re1 {[%emt 0:02:25]} Be5 {[%emt 0:01:46]} 34. Bf1 {[%emt 0:00:22]} Rh5 {[%emt 0:00:35]} 35. Kg1 {[%emt 0:00:15]} Rg5 {[%emt 0:03:44]} 36. Kh1 {[%emt 0:01:09]} Qd8 1/2-1/2

[Event "FRA-ch Youth 2017"]
[Site "Belfort"]
[Date "2017.04.22"]
[Round "8"]
[White "Marcenac, Delphine"]
[Black "Bellahcene, Meriem"]
[Result "1/2-1/2"]
[WhiteElo "1452"]
[BlackElo "1919"]
[Annotator "NA"]
[PlyCount "166"]
[EventDate "2017.??.??"]
[EventCountry "FRA"]
[SourceTitle "playchess.com"]
[Source "ChessBase"]
[SourceQuality "1"]
[TimeControl "5400+30"]

1. e4 {[%emt 0:00:00]} c5 {[%emt 0:00:08]} 2. Nc3 {[%emt 0:00:00]} Nc6 {[%emt 0:00:17]} 3. Bb5 {[%emt 0:00:00]} Nd4 {[%emt 0:02:04]} 4. Bc4 {[%emt 0:00:39]} g6 {[%emt 0:01:18]} 5. d3 {[%emt 0:03:42]} Bg7 {[%emt 0:02:54]} 6. Nf3 {[%emt 0:01:31]} Nh6 {[%emt 0:02:35]} 7. Nxd4 {[%emt 0:04:16]} cxd4 {[%emt 0:00:34]} 8. Qf3 {[%emt 0:02:10]} O-O {[%emt 0:00:53]} 9. Ne2 {[%emt 0:05:33]} Qb6 {[%emt 0:18:52] B23: Closed Sicilian: Lines without g3} 10. Bb3 {[%emt 0:08:55]} e6 $146 {[%emt 0:08:24]} (10... d6 11. Qg3 Kh8 12. O-O Ng8 13. Bd2 Be6 14. Bxe6 fxe6 15. b3 Rac8 16. Rac1 Qb5 17. Qh3 {1-0 (60) Gordievsky,D (2439)-Oparin,G (2550) Kolomna 2014}) 11. Qg3 {[%emt 0:08:32]} f5 {[%emt 0:05:01] [#]} 12. e5 {[%emt 0:20:02]} (12. h4 $1 $16) 12... Ng4 {[%emt 0:04:31]} 13. f4 {[%emt 0:03:41]} d6 {[%emt 0:13:08]} 14. h3 {[%emt 0:05:18]} Nh6 {[%emt 0:00:22]} 15. exd6 {[%emt 0:03:02]} Qxd6 {[%emt 0:00:27]} 16. O-O {[%emt 0:01:08]} Nf7 {[%emt 0:07:10]} 17. Bd2 {[%emt 0:03:47]} b5 {[%emt 0:07:17]} 18. a4 {[%emt 0:02:48]} b4 {[%emt 0:02:16]} 19. Rae1 {[%emt 0:01:40]} a5 {[%emt 0:00:33]} 20. Qf2 {[%emt 0:05:21]} Bb7 {[%emt 0:02:18]} 21. Ng3 {[%emt 0:01:45]} Bd5 {[%emt 0:01:55]} 22. Bxd5 {[%emt 0:00:20]} Qxd5 {[%emt 0:00:04]} 23. b3 {[%emt 0:00:51]} Rac8 {[%emt 0:00:55]} 24. Bc1 {[%emt 0:01:08]} Rc6 {[%emt 0:02:11]} 25. Re2 {[%emt 0:00:54]} Rfc8 {[%emt 0:00:53]} 26. Rfe1 {[%emt 0:00:54]} Nd8 {[%emt 0:01:55]} 27. Bb2 {[%emt 0:00:24]} Qd7 {[%emt 0:01:07]} 28. Kf1 {[%emt 0:02:10] [#]} (28. Nf1 $11 {remains equal.}) 28... Nf7 {[%emt 0:03:15]} (28... e5 $1 $17 {[%mdl 512]}) 29. Kg1 {[%emt 0:02:56]} Qd5 {[%emt 0:02:09]} 30. Nf1 {[%emt 0:04:20]} e5 {[%emt 0:02:23]} 31. fxe5 {[%emt 0:00:54]} Bxe5 {[%emt 0:00:10]} 32. Nh2 {[%emt 0:00:56]} Qd6 {[%emt 0:01:06]} 33. Nf3 {[%emt 0:00:31]} Bg3 $2 {[%emt 0:00:48]} (33... Rc5 34. Bxd4 (34. Nxe5 Rxe5 35. Qxd4 Qxd4+ 36. Bxd4 Rxe2 37. Rxe2 Rb8 $18) 34... Bxd4 35. Nxd4 (35. Qxd4 Qxd4+ 36. Nxd4 Rd5 $16) 35... Re5 36. Rxe5 Nxe5 37. Nxf5 Qf6) 34. Re8+ {[%emt 0:01:19]} Kg7 {[%emt 0:03:25]} 35. Qxd4+ {[%emt 0:00:48]} Qxd4+ {[%emt 0:00:44]} 36. Bxd4+ {[%emt 0:00:05]} Kh6 {[%emt 0:00:05]} 37. Rxc8 {[%emt 0:00:07]} Rxc8 {[%emt 0:00:06]} 38. Re2 {[%emt 0:00:17]} Bc7 {[%emt 0:02:53]} 39. Bb2 {[%emt 0:01:01]} Bb6+ {[%emt 0:00:32]} 40. d4 {[%emt 0:00:34]} Kg7 {[%emt 0:00:43]} 41. Kf1 $16 {[%emt 0:00:07]} Kf8 {[%emt 0:00:08]} 42. Ke1 {[%emt 0:02:40]} Re8 {[%emt 0:00:24]} 43. Rxe8+ {[%emt 0:00:06]} Kxe8 {[%emt 0:00:02]} 44. Ke2 {[%emt 0:00:16]} Ke7 {[%emt 0:00:21]} 45. Kd3 {[%emt 0:00:33]} Nd6 {[%emt 0:00:36]} 46. Nd2 {[%emt 0:01:36]} Bc7 {[%emt 0:00:11]} 47. Nc4 {[%emt 0:00:23]} Ne4 {[%emt 0:00:36]} 48. d5 {[%emt 0:00:38]} Nf2+ {[%emt 0:01:24]} 49. Kd4 {[%emt 0:00:57]} Ne4 {[%emt 0:00:28]} 50. Bc1 {[%emt 0:01:00]} Kd7 {[%emt 0:00:55]} 51. Bh6 {[%emt 0:01:23]} Bd8 {[%emt 0:01:19]} 52. Bg7 {[%emt 0:00:33]} Bc7 {[%emt 0:00:14]} 53. Ne5+ {[%emt 0:00:58]} Ke7 {[%emt 0:00:56]} 54. Nc6+ {[%emt 0:00:28]} Kd7 {[%emt 0:00:05]} 55. Be5 {[%emt 0:00:35]} Bb6+ {[%emt 0:00:30]} 56. Kc4 {[%emt 0:00:41]} Nd6+ {[%emt 0:01:05]} 57. Bxd6 {[%emt 0:00:02]} Kxd6 {[%emt 0:00:03]} 58. Kb5 {[%emt 0:00:28]} Be3 {[%emt 0:00:09]} 59. Nxa5 {[%emt 0:00:30]} Kxd5 {[%emt 0:01:01]} 60. Nc6 {[%emt 0:00:45]} f4 {[%emt 0:00:33]} 61. Nxb4+ {[%emt 0:00:22]} Ke4 {[%emt 0:00:27]} 62. a5 {[%emt 0:00:19]} g5 {[%emt 0:00:39]} 63. a6 h5 {[%emt 0:00:03]} 64. Nd3 {[%emt 0:01:01]} Ba7 {[%emt 0:00:50]} 65. Kc4 {[%emt 0:00:38]} f3 {[%emt 0:00:27]} 66. gxf3+ {[%emt 0:00:05]} Kxf3 {[%emt 0:00:04]} 67. Ne5+ {[%emt 0:00:28]} Kg3 {[%emt 0:00:12]} 68. Nf7 {[%emt 0:00:43]} Kf4 {[%emt 0:01:12]} 69. Kd3 {[%emt 0:00:40]} g4 {[%emt 0:00:18]} 70. hxg4 {[%emt 0:00:10]} hxg4 {[%emt 0:00:19]} 71. Ke2 {[%emt 0:00:22]} g3 {[%emt 0:00:38]} 72. Ng5 {[%emt 0:01:42]} Kxg5 {[%emt 0:00:50]} 73. Kf3 {[%emt 0:00:04]} Bf2 {[%emt 0:00:44]} 74. a7 {[%emt 0:00:35]} Bxa7 {[%emt 0:00:04]} 75. Kxg3 {[%emt 0:00:03]} Kf5 {[%emt 0:00:04]} 76. Kf3 {[%emt 0:00:06]} Ke5 {[%emt 0:00:05]} 77. Ke2 {[%emt 0:00:34]} Bb6 {[%emt 0:00:26]} 78. Kd3 {[%emt 0:00:10]} Kd5 {[%emt 0:00:09]} 79. Kc3 {[%emt 0:00:32]} Kc5 {[%emt 0:00:31]} 80. b4+ {[%emt 0:00:24]} Kb5 {[%emt 0:00:08]} 81. Kb3 {[%emt 0:00:21]} Kc6 {[%emt 0:00:49]} 82. c4 {[%emt 0:00:17]} Bd4 {[%emt 0:00:23]} 83. Ka4 {[%emt 0:00:13]} Kb6 {[%emt 0:00:30]} 1/2-1/2

[Event "FRA-ch Youth 2017"]
[Site "Belfort"]
[Date "2017.04.23"]
[Round "9"]
[White "Burri, Quentin"]
[Black "Mazzella, Enzo"]
[Result "1-0"]
[WhiteElo "2372"]
[BlackElo "2111"]
[Annotator "TA"]
[PlyCount "129"]
[EventDate "2017.??.??"]
[EventCountry "FRA"]
[SourceTitle "playchess.com"]
[Source "ChessBase"]
[SourceQuality "1"]

{[%evp 26,129,32,29,27,30,41,16,32,22,31,16,25,29,14,16,20,18,18,14,30,19,56,52,52,64,57,56,52,48,56,56,53,46,56,46,75,60,106,105,104,97,107,97,120,103,144,144,141,136,141,133,151,150,160,150,203,188,318,301,268,172,354,332,307,233,242,243,452,475,453,315,525,486,416,0,522,522,512,487,532,532,768,514,604,226,318,245,246,230,237,251,1011,334,893,775,560,70,5085,9520,5712,5704,29985,29986,29986,29985]} 1. e4 {[%cal Be2e4,Be4e5][%mdl 32]} Nf6 2. e5 Nd5 3. d4 d6 4. c4 Nb6 5. exd6 cxd6 6. Nc3 g6 7. Be3 Bg7 8. Rc1 O-O 9. b3 e5 10. dxe5 dxe5 11. Qxd8 Rxd8 12. c5 N6d7 13. Bc4 Nc6 {[%cal Bb8c6,Bc6a5,Ba5b7,Bb7d6][%mdl 32]} 14. Nf3 Na5 {B03: Alekhine's Defence: Four Pawns Attack} 15. Be2 b6 16. Na4 {[%cal Rc5b6]} bxc5 {The position is equal.} 17. Nxc5 Nxc5 18. Rxc5 Nb7 (18... e4 19. Nd2 Nb7 20. Rc1 Nd6 21. O-O Bb7 22. Rc7 Bd5 23. Ba6 Bf8 24. Rfc1 Nf5 25. Nc4 Bb4 26. Bg5 Re8 27. Ne3 Be6 {½-½ (27) Pavasovic,D (2597)-Shabalov,A (2626) Khanty-Mansiysk 2007}) 19. Rc7 Nd6 20. O-O e4 21. Nd2 Be6 22. Ba6 $146 (22. Bf4 Ne8 23. Rc2 Nf6 24. Bg5 Rd4 25. Be3 Rdd8 26. Bg5 Rd4 27. Be3 Rdd8 {½-½ (27) Stankovic,M (2424)-Grunberg,M (2394) Hungary 2016}) 22... Bd5 23. Nc4 Bf8 24. Bg5 Rdb8 25. Nxd6 Bxd6 26. Rd7 $36 {[%mdl 2048] White fights for an advantage.} Rb6 27. Rd1 Rxa6 28. Rxd5 Bf8 29. Rd2 Rc6 30. g3 a6 31. Be3 Bc5 32. Bxc5 $1 Rxc5 $16 {[%mdl 4096] Endgame KRR-KRR} 33. Re7 $1 Rac8 34. Rxe4 R8c7 35. Rd6 R5c6 36. Rxc6 Rxc6 {KR-KR} 37. Kg2 Kg7 38. Kf3 Kf6 39. Ke3 h5 40. Kd3 g5 (40... Kf5 $16 41. Rf4+ Ke6) 41. h4 $18 g4 (41... Rc1 {was necessary.} 42. Ra4 Rd1+ 43. Ke2 Rd6 44. hxg5+ Kxg5) 42. b4 Rc1 43. Rc4 Rf1 $2 (43... Rb1 {was worth a try.} 44. Rc6+ Ke7 45. Rxa6 Rxb4) 44. Ke2 Rb1 45. Rc6+ Ke7 46. a3 ({Don't do} 46. Rxa6 $6 Rxb4 47. a4 Re4+ 48. Kd2 Re5 49. Ra7+ Ke6) 46... a5 $2 (46... Rb2+ {might work better.} 47. Kf1 a5 48. bxa5 Rb5) 47. bxa5 Rb5 48. Ra6 Rb3 $2 (48... Rb2+ 49. Ke1 Rb5) 49. Rh6 Rb5 50. Ra6 Rb3 $1 51. Rb6 Rxa3 52. Rb5 Ke6 53. Rxh5 f5 54. Rh6+ Ke5 55. Ra6 $2 (55. a6) 55... Ke4 56. Re6+ Kd5 {[#]} 57. Re8 $1 Rxa5 {[#]} 58. Ke3 $1 {[%cal Re3f4] aiming for Kf4.} Ra3+ $2 (58... Ra4 59. h5 f4+ 60. gxf4 Ra3+ 61. Ke2 Rh3) 59. Kf4 Rf3+ 60. Kg5 Rxf2 61. Rf8 $2 ({White has to play} 61. h5 $18) 61... Ke6 $2 {[%mdl 8192]} (61... Ke4 $14) 62. h5 f4 63. Rxf4 Rxf4 64. Kxf4 Kf7 65. Kg5 1-0

[Event "FRA-ch Youth 2017"]
[Site "Belfort"]
[Date "2017.04.23"]
[Round "9"]
[White "Kambrath, Yannick"]
[Black "Lamard, Guillaume"]
[Result "0-1"]
[WhiteElo "2341"]
[BlackElo "2307"]
[Annotator "TA"]
[PlyCount "88"]
[EventDate "2017.??.??"]
[EventCountry "FRA"]
[SourceTitle "playchess.com"]
[Source "ChessBase"]
[SourceQuality "1"]

{[%evp 22,88,47,36,37,45,39,29,31,29,50,0,2,-10,-6,-6,-6,-6,-6,-5,-6,-13,-12,-60,-60,-145,-145,-135,-140,-137,-142,-129,-142,-141,-115,-145,-141,-153,-151,-185,-181,-229,-205,-212,-167,-259,-259,-245,-240,-295,-294,-294,-286,-347,-272,-415,-406,-419,-415,-418,-413,-404,-398,-396,-388,-372,-318,-1712,-1363]} 1. Nf3 Nf6 2. c4 b6 3. g3 Bb7 4. Bg2 g6 5. b3 Bg7 6. Bb2 O-O 7. O-O c5 8. d4 d6 9. Nc3 Ne4 {A30: Symmetrical English: Double Fianchetto and Hedgehog} (9... cxd4 10. Qxd4 Nbd7 11. Qd2 Rc8 12. Rac1 a6 13. Rfd1 Rc7 14. Nd4 Bxg2 15. Kxg2 Qa8+ 16. f3 Rd8 17. e4 e6 18. Nc2 Ne8 19. Ne3 h5 {1-0 (43) Karjakin,S (2785)-Salem,A (2656) Doha 2016}) 10. Qd3 Nxc3 11. Bxc3 cxd4 12. Nxd4 {LiveBook: 6 Games} ({Worse is} 12. Bxd4 e5 13. Nxe5 Bxg2 14. Nxf7 Rxf7 $17) 12... Bxg2 13. Kxg2 a6 $146 (13... Qd7 14. Nb5 Qb7+ 15. Qf3 Nc6 16. Bxg7 Kxg7 17. Nd4 {½-½ (17) Gisbrecht,E (2415)-Hoeksema,H (2347) Germany 2013}) 14. Qf3 Ra7 15. Rac1 Qc8 16. a4 Rc7 17. e4 b5 18. axb5 Bxd4 $1 19. Bxd4 {Strongly threatening e5.} axb5 20. Rc2 Qe6 {[%cal Rb5c4]} 21. Rfc1 Rfc8 {[%cal Rb5c4]} 22. Qd3 Na6 $1 {[%cal Bb8a6,Ba6b4,Bb4a2][%mdl 32] And now ...Nb4 would win.} 23. Rc3 {[#]} ({Wrong is} 23. cxb5 $2 Nb4 24. Rxc7 Rxc7 $19) (23. Ba1 $15 Nc5 24. Qc3) 23... Nb4 $1 $36 {[%cal Rb4d3][%mdl 2048] Black is on the roll.} 24. Qe2 {[#]} Na2 $1 {[%cal Ra2c1][%mdl 512]} 25. Qxa2 Qxe4+ 26. Kg1 Qxd4 27. Qe2 h5 28. h4 bxc4 29. bxc4 Qg4 30. Qd3 Rc5 31. Kg2 Qf5 32. Qe3 Qe5 33. Qd3 (33. Re1 {was forced.}) 33... d5 $19 {[%cal Bd6d5,Bd5c4][%mdl 32]} 34. R3c2 Qc7 35. Qe3 Rxc4 ({Much less strong is} 35... dxc4 36. Rc3 $19) 36. Rxc4 dxc4 {[%mdl 4096] Endgame KQR-KQR} 37. Rc3 Qc5 38. Qf4 (38. Qxc5 $142 Rxc5 39. Kf3) 38... e5 39. Qc1 Qd4 40. Qc2 Kg7 41. Kh2 Rc6 42. Kg2 Rc7 43. Kh2 f5 44. Qc1 $2 (44. Kg2) 44... Qxf2+ 0-1

[Event "FRA-ch Youth 2017"]
[Site "Belfort"]
[Date "2017.04.23"]
[Round "9"]
[White "Zachary, Matheo"]
[Black "Defromont, Benjamin"]
[Result "1-0"]
[WhiteElo "2267"]
[BlackElo "1946"]
[Annotator "NA RC"]
[PlyCount "89"]
[EventDate "2017.??.??"]
[EventCountry "FRA"]
[SourceTitle "playchess.com"]
[Source "ChessBase"]
[SourceQuality "1"]
[TimeControl "5400+30"]

{[%evp 8,88,24,32,24,29,37,26,38,46,39,27,44,34,30,33,48,47,18,20,74,74,69,64,53,68,64,64,72,73,59,55,58,69,75,63,73,66,67,62,78,79,71,72,68,32767,72,75,32767,77,68,57,71,58,78,34,61,0,67,65,81,56,81,72,58,32767,83,32767,32767,32,103,106,97,97,110,32767,467,474,881,876,32767,32767,29976]} 1. e4 {[%emt 0:00:00]} e6 {[%emt 0:00:13]} 2. d4 {[%emt 0:00:00]} d5 {[%emt 0:00:09]} 3. Nd2 {[%emt 0:00:00]} Nf6 {[%emt 0:00:11]} 4. e5 {[%emt 0:00:00]} Nfd7 {[%emt 0:00:11]} 5. Bd3 {[%emt 0:00:00]} c5 {[%emt 0:00:11]} 6. c3 {[%emt 0:00:00]} Nc6 {[%emt 0:00:18]} 7. Ne2 {[%emt 0:00:00]} cxd4 {[%emt 0:00:42]} 8. cxd4 {[%emt 0:00:00]} f6 {[%emt 0:00:24]} 9. exf6 {[%emt 0:00:04]} Nxf6 {[%emt 0:00:09]} ({Of course not} 9... gxf6 $6 10. O-O $16) 10. Nf3 {[%emt 0:00:16]} Bd6 {[%emt 0:00:40]} 11. O-O {[%emt 0:00:04]} O-O {[%emt 0:00:24]} 12. Bf4 {[%emt 0:00:07]} Bxf4 {[%emt 0:02:03]} 13. Nxf4 {[%emt 0:00:01]} Qd6 {[%emt 0:02:44] [#]} 14. g3 $1 {[%emt 0:01:36]} e5 {[%emt 0:15:19]} 15. dxe5 {[%emt 0:00:04] C06: French Tarrasch: 3...Nf6 4 e5 Nfd7 5 Bd3 main lines} Nxe5 {[%emt 0:00:07]} 16. Nxe5 {[%emt 0:00:02]} Qxe5 {[%emt 0:00:11]} 17. Qb3 {[%emt 0:00:22] LiveBook: 12 Games} Bd7 {[%emt 0:12:29]} 18. Rfe1 {[%emt 0:01:55]} Qd6 {[%emt 0:02:50]} 19. Bf1 $146 {[%emt 0:00:30]} (19. Rad1 Bc6 20. Re6 Qc5 21. Qc2 Qxc2 22. Bxc2 Rae8 {½-½ (61) Timman,J (2590)-Kuijf,M (2470) Hilversum 1987}) 19... Bc6 {[%emt 0:02:54]} 20. Bg2 {[%emt 0:02:00]} Rfe8 {[%emt 0:02:25]} 21. Red1 {[%emt 0:05:47]} Rad8 {[%emt 0:01:36]} 22. Rd4 {[%emt 0:01:02]} Kh8 {[%emt 0:04:51]} 23. Rad1 {[%emt 0:02:17]} Re5 {[%emt 0:00:41]} 24. h4 {[%emt 0:02:45]} Qe7 {[%emt 0:05:56]} 25. Nd3 {[%emt 0:10:23]} Re6 {[%emt 0:04:46]} 26. Bf3 {[%emt 0:06:57]} Qd6 {[%emt 0:10:02]} 27. Kg2 {[%emt 0:01:35]} Re7 {[%emt 0:01:43]} 28. Nf4 {[%emt 0:01:11]} Re5 {[%emt 0:01:46]} 29. Kh2 {[%emt 0:02:09]} Kg8 {[%emt 0:03:25]} 30. Qd3 {[%emt 0:02:41]} Kh8 $1 {[%emt 0:03:22]} 31. Nh3 {[%emt 0:03:31]} Be8 {[%emt 0:06:54]} 32. Nf4 {[%emt 0:02:34]} (32. Kg2 $14) 32... Bc6 {[%emt 0:02:18]} 33. Kg2 {[%emt 0:00:51]} Qd7 {[%emt 0:02:16]} 34. Qa3 {[%emt 0:06:07]} a6 {[%emt 0:00:42]} 35. Qa5 {[%emt 0:00:36]} Kg8 $14 {[%emt 0:01:47]} 36. R1d2 {[%emt 0:00:32]} Kh8 {[%emt 0:00:39]} ({But not} 36... Re1 $2 37. Rxd5 (37. Nxd5 Rf8 38. R2d3 Qe6 $18) 37... Bxd5 38. Rxd5 Nxd5 39. Bxd5+ Kh8 40. Qxe1 $18) 37. b4 {[%emt 0:00:08]} Kg8 {[%emt 0:02:00]} 38. a4 {[%emt 0:03:33]} Rde8 {[%emt 0:04:06] [#]} (38... Re1 {[#]} 39. b5 $1 {[%mdl 512]} (39. Nxd5 Rf8 40. Nxf6+ Rxf6 41. Bd5+ Bxd5+ 42. Rxd5 Qc6 $16) 39... axb5 40. axb5 $18 (40. Nxd5 Rf8 $16)) ({Better is} 38... Rf8 $14) 39. b5 $1 {[%emt 0:01:19]} ({Much weaker is} 39. Nxd5 $6 Nxd5 40. Rxd5 (40. Bxd5+ $2 Rxd5 41. Rxd5 Re5 $19) 40... Bxd5 41. Rxd5 Rxd5 42. Qxd5+ Qxd5 43. Bxd5+ Kf8 $11) 39... axb5 {[%emt 0:00:44]} 40. axb5 {[%emt 0:00:06]} Bxb5 {[%emt 0:01:03]} 41. Nxd5 {[%emt 0:00:12]} Nxd5 $4 {[%emt 0:04:48]} (41... Qc6 $16 {is more resistant.}) 42. Rxd5 {[%emt 0:03:01]} ({Worse is} 42. Bxd5+ Rxd5 43. Rxd5 Bf1+ 44. Kf3 (44. Kg1 $2 Qh3 45. f4 Qxg3+ 46. Kh1 Qf3+ 47. Kg1 Qg3+ 48. Kh1 Qe1 $19) 44... Qe6 $11) 42... Bc6 {[%emt 0:00:48]} (42... Qc6 $142 43. Rxe5 Rxe5 44. Rd8+ (44. Bxc6 Bxc6+ 45. Rd5 Rxd5 $16) 44... Kf7) 43. Rxe5 {[%emt 0:00:55]} ({Not} 43. Rxd7 Bxf3+ 44. Kxf3 Rxa5 $16) 43... Bxf3+ {[%emt 0:00:27]} 44. Kxf3 {[%emt 0:00:23]} Rxe5 {[%emt 0:00:44]} 45. Qxe5 {[%emt 0:00:09]} 1-0

[Event "FRA-ch Youth 2017"]
[Site "Belfort"]
[Date "2017.04.23"]
[Round "9"]
[White "O'Sullivan, Thomas"]
[Black "Pigeat, Alexandre"]
[Result "1/2-1/2"]
[WhiteElo "2223"]
[BlackElo "2259"]
[Annotator "TA"]
[PlyCount "164"]
[EventDate "2017.??.??"]
[EventCountry "FRA"]
[SourceTitle "playchess.com"]
[Source "ChessBase"]
[SourceQuality "1"]

{[%evp 15,164,47,62,-49,23,28,24,33,24,31,41,25,25,11,14,12,15,22,14,26,15,0,9,-14,0,-14,-13,-46,0,0,0,0,10,0,8,8,8,8,8,8,8,0,43,33,97,105,216,224,211,202,212,245,233,213,193,218,232,212,212,173,217,215,205,223,213,200,247,247,264,259,252,254,254,252,252,252,318,247,245,192,383,301,427,428,582,567,518,263,228,137,205,20,20,20,19,19,19,19,19,19,19,0,30,31,34,24,67,69,69,74,370,370,450,450,744,24,27,24,24,24,24,24,24,19,28,24,27,20,20,20,20,19,19,19,19,19,20,15,18,0,19,8,8,8,8,7,6,0,8,0,3]} 1. d4 d5 2. c4 c6 3. Nc3 Nf6 4. Nf3 dxc4 5. a4 Bf5 6. Ne5 Nbd7 7. Nxc4 e6 8. f3 Bb4 9. Bf4 {D17: Slav Defence: 5 a4 Bf5: Lines with 6 Nh4 and 6 Ne5} (9. e4 $14 Bg6 10. Be2) (9. e4 Bg6 10. Be3 a5 {½-½ (10) Lajthajm,B (2430)-Savic,M (2506) Mosko 2015}) 9... Nb6 (9... Nd5 $15 10. Bd6 Bxc3+ 11. bxc3 N7b6) 10. e4 $11 Bg6 11. Qb3 $146 {White has an edge.} (11. Ne5 a5 12. Be2 Nfd7 13. Nd3 Be7 14. Qb3 O-O 15. Be3 Rb8 16. O-O Nc8 {0-1 (53) Carstensen,J (2332)-Hove,E (2258) Denmark 2010}) 11... a5 12. Rd1 O-O 13. Be2 Nxc4 14. Qxc4 (14. Bxc4 $5 {is interesting.} Qe7 15. O-O Nd7 16. Na2 Bd6 17. Bxd6 Qxd6 18. Rd2) 14... Qe7 15. O-O Nd7 16. Na2 Bd6 17. Bxd6 Qxd6 18. Rd2 f5 19. Nc3 Kh8 20. Rfd1 fxe4 21. fxe4 Rae8 22. e5 Qe7 23. Bd3 Nb6 24. Qc5 Bxd3 25. Rxd3 Qxc5 26. dxc5 Nc4 27. Rd7 Rb8 28. Re7 Nxb2 29. Rdd7 Rg8 (29... Rfd8 $1 $14) 30. Rxe6 $16 Rge8 {[#]} (30... h6 $16) 31. Rxb7 $1 $18 {[%mdl 512]} Nd3 (31... Rxb7 32. Rxe8#) 32. Rxb8 $1 Rxb8 33. Rxc6 {[%mdl 4096] Endgame KRN-KRN} Kg8 {Black hopes to continue with ...Rb3.} 34. e6 {aiming for Rc7.} Kf8 {intending ...Rb3.} 35. h3 Nb4 36. Rc7 Re8 37. Rf7+ Kg8 38. Ra7 Nc6 39. Ra6 Rxe6 40. Nb5 $1 {[%cal Rb5d6] Threatens to win with Nd6.} h5 41. Na7 Nd4 42. c6 {And now c7 would win.} (42. Rxa5 $6 Re1+ 43. Kh2 h4 $18) 42... Re1+ 43. Kf2 Re2+ 44. Kf1 $1 Rc2 45. Rxa5 g6 46. Rg5 Kf7 47. a5 {[%cal Ba4a5,Ba5a6][%mdl 32]} Nf5 $2 (47... Nxc6 {was worth a try.} 48. Nxc6 Rxc6) 48. h4 Kf6 {[#]} (48... Nd6 {might work better.} 49. a6 Nf5) 49. a6 $1 ({Weaker is} 49. g3 Ne3+ 50. Ke1 (50. Kg1 Rg2+ 51. Kh1 Rf2 $11) 50... Ng2+ 51. Kf1 Ne3+ 52. Kg1 Rg2+ 53. Kh1 Rf2 $11) 49... Nxh4 50. Rg3 Nf5 51. Ra3 Nd6 52. Rd3 Ne8 (52... Ke5 $16 {keeps fighting.} 53. Ke1 g5) 53. Rd8 $2 ({Better is} 53. Rf3+ $18 Kg5 54. Nb5 Rxc6 55. Ra3) 53... Nc7 $11 54. Rd6+ Kg5 55. Nc8 {Black must now prevent a7.} Nxa6 56. Ne7 Nb4 57. Rxg6+ Kf4 58. Re6 Rc5 59. Kg1 h4 60. Kh2 Kg5 61. Rg6+ Kh5 $1 62. Rg8 Rc2 $2 {[%mdl 8192] [#]} (62... Nd3 $16) 63. Rc8 $1 $18 Kh6 64. c7 Kh7 (64... Kg7 $142 65. Nf5+ Kh7) 65. Nf5 $2 (65. Rf8 $18) 65... Nd5 $11 66. Rd8 Nxc7 67. Rc8 Rc3 68. Nxh4 Nd5 69. Rd8 Nf6 70. Nf3 Kg6 71. Rd4 Kf5 {The position is equal.} 72. Ra4 Ne4 73. Rb4 Ra3 74. Rd4 Rc3 75. Ra4 Rd3 76. Nh4+ Kf4 77. Nf3 Rd8 78. Ra3 Rh8+ 79. Kg1 Ng3 80. Kf2 Ne4+ 81. Kg1 Ng3 {( -> ...Rh1+)} 82. Kf2 Ne4+ 1/2-1/2